Biện pháp canh tác phòng chống sâu bệnh và cỏ dại trong nông nghiệp

Sách nêu các biện pháp canh tác bảo vệ thực vật dựa trên những nguyên lý sinh thái lành mạnh và đầy hiệu quả trong phòng chống dịch hại.

Enregistré dans:
Détails bibliographiques
Auteur principal: Phạm, Văn Lầm
Format: Livre
Langue:Undetermined
Publié: Hà Nội Nông Nghiệp 2000
Sujets:
Tags: Ajouter un tag
Pas de tags, Soyez le premier à ajouter un tag!
Thư viện lưu trữ: Trung tâm Học liệu Trường Đại học Cần Thơ
LEADER 00935nam a2200217Ia 4500
001 CTU_35234
008 210402s9999 xx 000 0 und d
020 |c 6000 
082 |a 632 
082 |b L120 
100 |a Phạm, Văn Lầm 
245 0 |a Biện pháp canh tác phòng chống sâu bệnh và cỏ dại trong nông nghiệp 
245 0 |c Phạm Văn Lầm 
260 |a Hà Nội 
260 |b Nông Nghiệp 
260 |c 2000 
520 |a Sách nêu các biện pháp canh tác bảo vệ thực vật dựa trên những nguyên lý sinh thái lành mạnh và đầy hiệu quả trong phòng chống dịch hại. 
650 |a Field crops,Plants, protection of,Cây trồng,Cây trồng, bảo vệ 
650 |x Diseases and pests,Su bệnh và dịch hại 
904 |i Minh, 000222 
980 |a Trung tâm Học liệu Trường Đại học Cần Thơ